| 000 | 00947nam a2200217 a 4500 | ||
|---|---|---|---|
| 001 | 000041983 | ||
| 005 | 20201002035851.0 | ||
| 008 | 131028s2004 sp 000 0 spa d | ||
| 020 | _a8484832252 | ||
| 040 |
_aDO-SdBNP _bspa _cBNPHU |
||
| 100 | 1 |
_aGallego Barnés, Andrés _968924 |
|
| 245 | 1 | 4 |
_aLos "Refraneros" de Juan Lorenzo Palmireno : _bestudios de sus fuentes paramiológicas / _cAndrés Gallego Barnés ; prólogo María Pilar Cuartero Sancho. |
| 260 |
_aAlcañiz Madrid : _bCSIC, _c2004. |
||
| 300 |
_a298 p. ; _c25 cm. |
||
| 490 | 1 |
_aColección de textos y estudios humanisticos _aEstudios |
|
| 504 | _aIncluye referencias bibliográficas y notas al pie de las páginas | ||
| 500 | _aIncluye datos biográficos del autor en la solapa de la cubierta | ||
| 700 | 1 |
_aCuartero Sancho, María Pilar _968858 |
|
| 710 | 2 |
_aInstituto de Estudios Humanísticos _951235 |
|
| 830 | 0 |
_aColección de textos y estudios humanisticos _vEstudios _968925 |
|
| 999 |
_c41472 _d41472 |
||